Life style

Αποθηκεύτηκε σε:
Λεπτομέρειες βιβλιογραφικής εγγραφής
Κύριος συγγραφέας: Mau, Bruce
Άλλοι συγγραφείς: Maclear, Kyo 1970- (Επιμελητής έκδοσης), Testa, Bart (Επιμελητής έκδοσης)
Μορφή: Βιβλίο
Γλώσσα:English
Δημοσίευση: London : Phaidon, 2005
Θέματα:
Ετικέτες: Προσθήκη ετικέτας
Δεν υπάρχουν, Καταχωρήστε ετικέτα πρώτοι!

MARC

LEADER 00000nam a2200000 i 4500
001 1/89124
008 080618s2005 eng d
020 |a 0-7148-4520-5 (pbk) 
035 |l 10098286 
040 |a GR-MY-UA  |b gre  |e aacr 
041 0 |a eng 
082 0 |a 745.4092  |2 (22) 
100 1 |a Mau, Bruce. 
245 1 0 |a Life style /  |c Bruce Mau ; edited by Kyo Maclear with Bart Testa 
260 |a London :   |b Phaidon,   |c 2005 
300 |a 623 σ.;  |b εικ. (μερικές έγχρ.);  |c 25 εκ. 
504 |a Βιβλιογραφία: σ. 587-[590]. Ευρετήριο 
600 1 0 |a Mau Bruce  |x Catalogs. 
610 2 0 |a Bruce Mau Design  |x Catalogs. 
650 0 0 |a Graphic arts  |z Canada  |x History  |x Catalogs. 
650 0 0 |a Commercial art  |z Canada  |x History  |y 20th century  |x Catalogs. 
650 0 0 |a Design. 
700 1 |a Maclear, Kyo  |d 1970-  |4 edt 
700 1 |a Testa, Bart.  |4 edt 
852 |a INST  |b SYROS  |e 20080618  |h 745.4092 MAU  |p 005500006964  |q 005500006964  |t BK  |y 0 
901 |a BIBL5-2008-2 
909 |a Ε  |b 139884 
922 |a 5ΕΛΗ  |b 200710  |c ΕΠΕΑΕΚ2/ΤΜΣΠΣ  |d ΠΑΠΑΣΩΤΗΡΙΟΥ 
970 |a ΚΑΓΙΑΒΑ  |b ΕΙΡΗΝΗ  |z 2008/06/18